书目信息 |
| 题名: |
水质分析方法及应用探析
|
|
| 作者: | 姚文志 著 | |
| 分册: | ||
| 出版信息: | 北京 中国水利水电出版社 2015 |
|
| 页数: | 202页 | |
| 开本: | 24cm | |
| 丛书名: | ||
| 单 册: | ||
| 中图分类: | O661.1 | |
| 科图分类: | ||
| 主题词: | 水质分析--分析方法 | |
| 电子资源: | ||
| ISBN: | 978-7-5170-2576-4 | |
| 000 | 00826nam0 2200229 450 | |
| 001 | 9 | |
| 001 | 01CN12723906@CSLN | |
| 005 | 20161111081649.20 | |
| 010 | @a978-7-5170-2576-4@dCNY39.00 | |
| 100 | @a20151012d2015 em y0chiy0110 ea | |
| 101 | 0 | @achi |
| 102 | @aCN@b110000 | |
| 105 | @ay z 000yy | |
| 200 | 1 | @a水质分析方法及应用探析@b专著@f姚文志著@9shui zhi fen xi fang fa ji ying yong tan xi |
| 210 | @a北京@c中国水利水电出版社@d2015 | |
| 215 | @a202页@d24cm | |
| 330 | @a本书分为七章,内容包括:酸碱滴定法及其在水质分析中的应用、络合滴定法及其在水质分析中的应用、沉淀滴定法及其在水质分析中的应用、氧化还原滴定法及其在水质分析中的应用等。 | |
| 606 | 0 | @a水质分析@x分析方法 |
| 690 | @aO661.1@v5 | |
| 701 | 0 | @a姚文志@4著@9yao wen zhi |
| 801 | 0 | @aCN@b大连网信软件有限公司图书馆·11@c20161111 |
| 905 | @aZUCC@dO661.1@e7 | |
| 水质分析方法及应用探析/姚文志著.-北京:中国水利水电出版社,2015 |
| 202页;24cm |
| ISBN 978-7-5170-2576-4:CNY39.00 |
| 本书分为七章,内容包括:酸碱滴定法及其在水质分析中的应用、络合滴定法及其在水质分析中的应用、沉淀滴定法及其在水质分析中的应用、氧化还原滴定法及其在水质分析中的应用等。 |
| ● |
| 相关链接 |
|
|
|
|
正题名:水质分析方法及应用探析
索取号:O661.1/7
 
预约/预借
| 序号 | 登录号 | 条形码 | 馆藏地/架位号 | 状态 | 备注 |
| 1 | 908417 | 209084177 | 第二样本阅览室/ [索取号:O661.1/7] | 在馆 | |
| 2 | 908418 | 209084186 | 第三借阅区/ [索取号:O661.1/7] | 在馆 | |
| 3 | 908419 | 209084195 | 第三借阅区/ [索取号:O661.1/7] | 在馆 | |
| 4 | 908420 | 209084202 | 第三借阅区/ [索取号:O661.1/7] | 在馆 | |
| 5 | 908421 | 209084211 | 第三借阅区/ [索取号:O661.1/7] | 在馆 |